LEADER 00728nam a2200169 i 4500 001 000000016986 003 CaOOAMICUS 005 20180830125443.0 008 180830s1969 it u000 u ita u 040 $aSeMil$bita 245 10$aDipinti della Pinacoteca di Brera in deposito nelle Chiese della Lombardia /$ca cura di Angela Ottino Della Chiesa. 260 $a[S.l. :$bs.n.],$c1969$e([S.l.] :$fMaestri Arti Grafiche,$g1969) 300 $av. ;$c20 cm. 700 1 $aOttino Della Chiesa, Angela.$0(OLS)http://semarc/name/7805 774 0 $t1.$w()155729 996 $6245$aDipinti della Pinacoteca di Brera in deposito nelle Chiese della Lombardia$9(OLS)http://semarc/title/22471 996 $6260$a[S.l. :$bs.n.]$9(OLS)http://semarc/publisher/29751 LEADER 01781nam a2200313 i 4500 001 000000115611 003 CaOOAMICUS 005 20030526000000.0 008 030526s1993 it u000 u ita u 013 $a88300 040 $aSeMil$bita 100 1 $aConvegno Internazionale di studi Mariologici <1992 ; Capua>.$0(OLS)http://semarc/name/48287 245 10$a16. centenario del Concilio di Capua :$b392-1992 : atti del Convegno Internazionale di studi Mariologici : Capua, 19-24 maggio 1992 /$cArcidiocesi di Capua ; a cura di Giovanni Liccardo, Franco Ruotolo e Sergio Tanzarella. 260 $aRoma :$bPontificia Facoltà Teologica "Marianum",$cstampa 1993. 260 $aCapua :$bIstituto Superiore di Scienze Religiose,$cstampa 1993. 300 $a677 p. :$bill. ;$c24 cm. 500 $aContiene : Appendice. - Fondo Card. C.M. Martini. 650 4$aMadonna - Verginità - Congressi - 1992.$0(OLS)http://semarc/subject/21187 700 1 $aCapua .$0(OLS)http://semarc/name/12132 700 1 $aTanzarella, Sergio,$d<1959- >.$0(OLS)http://semarc/name/89122 700 1 $aRuotolo, Franco.$0(OLS)http://semarc/name/48289 700 1 $aLiccardo, Giovanni,$d<1961- >.$0(OLS)http://semarc/name/48288 850 $aSeMil 852 $aSeMil$W1$xVenegono$y1$m2L V 28$j71123$B71123$CSeMilBibl$Z2$F75586 $81 941 1 $a4 961 $aOmaggio: Martini Card. Carlo Maria 996 $6245$a16. centenario del Concilio di Capua :$b392-1992 : atti del Convegno Internazionale di studi Mariologici : Capua, 19-24 maggio 1992$9(OLS)http://semarc/title/169368 996 $6260$aCapua :$bIstituto Superiore di Scienze Religiose$9(OLS)http://semarc/publisher/45477 996 $6260$aRoma :$bPontificia Facoltà Teologica "Marianum"$9(OLS)http://semarc/publisher/45478